000 00871nam a2200265 i 4500
003 DO-SdBNP
005 20240412113226.0
007 ta
008 240412b2023 dr ||||| |||| 00| 0 spa d
020 _a9789945223118
040 _aDO-SdBNP
_bspa
_cBNPHU
_erda
082 _222
_bS944
100 _aSuero, Pridah
_978448
_eautora
245 1 0 _aSueros de transformación :
_b42 infusiones para una vida en excelencia /
_cPridah suero, Heraldo Suero
264 1 _aSanto Domingo ;
_bBúho,
_c2023.
300 _a144 páginas
_c21 cm.
336 _2rdacontent
_atexto
_btxt
337 _2rdamedia
_asin mediación
_bn
338 _2rdacarrier
_avolumen
_bnc
500 _aIncluye datos biografícos de los autores en la solapa de la contraportada.
590 _aInventariado, 2024/ YL
700 1 _aSuero, Heraldo
_eautor
_978033
910 _aYLokcward
942 _2ddc
_cLBS1
999 _c56371
_d56371